000 00841nam a2200265 a 4500
008
020 _a0534981445 (pbk.)
049 _aMAIN
090 _aQD79.I5
_bINS
245 1 0 _aInstrumental methods of analysis /
_cHobart H. Willard... [et al.]
250 _a7th ed.
260 _aNew York :
_bVan Nostrand,
_c1988.
300 _axxi, 895 p. :
_bill. ;
_c24 cm.
504 _aIncludes bibliographical references.
500 _aIncludes index.
650 0 _aInstrumental analysis.
650 2 _aChemistry, Analytical
_vLaboratory Manuals.
650 2 _aChemistry, Analytical
_xinstrumentation
_vLaboratory Manuals.
700 _aWillard, Hobart Hurd.
907 _a.b10166488
_b12-10-10
_c28-06-05
003
005 20230123125050.0
040 _cNUST
942 _cBOOKS
_kQD79.I5
_mINS
999 _c135115
_d135115